[Event "10. University wch masculino"]
[Site "Novokuznetsk RUS"]
[Date "2008.03.11"]
[Round "9.4"]
[White "Maletin, Pavel"]
[Black "Battulga, Namhai"]
[Result "1/2-1/2"]
[WhiteElo "2573"]
[BlackElo "2306"]
[PlyCount "135"]
[EventDate "2008.03.03"]
[EventType "swiss"]
[EventRounds "9"]
[EventCountry "RUS"]
[Source "lmi"]
[SourceDate "2008.03.03"]

1. Nf3 c5 2. c4 Nc6 3. Nc3 g6 4. e3 Bg7 5. d4 d6 6. Be2 Bg4 7. O-O Bxf3 8. Bxf3
cxd4 9. exd4 Nxd4 10. Bxb7 Rb8 11. Be4 Qc8 12. Be3 Ne6 13. Bxa7 Rxb2 14. Qa4+
Kf8 15. Qa3 Qxc4 16. Qxb2 Bxc3 17. Qc2 Nf6 18. Bf3 Kg7 19. Rac1 Rc8 20. Be2 Qc7
21. Be3 Qa5 22. Qb3 Qe5 23. Qb7 Rc7 24. Qf3 d5 25. Rb1 h5 26. Qg3 Qe4 27. Bd3
Qa4 28. Rb6 h4 29. Qf3 Be5 30. Ra6 Qb4 31. Rb1 Qc3 32. Rab6 d4 33. R6b3 Qa5 34.
Rb5 Qxa2 35. Rxe5 dxe3 36. Qxe3 Ng4 37. Qe2 Qxe2 38. Rxe2 Nf4 39. Rd2 Rd7 40.
Rbd1 h3 41. g3 Nxd3 42. Rxd3 Rc7 43. f3 Ne5 44. Re3 f6 45. Kf2 Rc2+ 46. Re2 Rc3
47. f4 Ng4+ 48. Ke1 e5 49. Rd8 Rc1+ 50. Rd1 Rc3 51. Rd7+ Kh6 52. Rd8 Kg7 53.
Ra2 Rc7 54. Rad2 exf4 55. gxf4 g5 56. f5 Re7+ 57. Re2 Rxe2+ 58. Kxe2 Nxh2 59.
Rd1 g4 60. Kf2 Nf3 61. Kg3 Ne5 62. Rd6 Kf7 63. Ra6 Kg7 64. Rb6 Nd3 65. Rb1 Ne5
66. Rb6 Nf3 67. Rb4 Kh6 68. Rb1 1/2-1/2

[Event "10. University wch masculino"]
[Site "Novokuznetsk RUS"]
[Date "2008.03.11"]
[Round "9.5"]
[White "Zhumabayev, Rinat"]
[Black "Liang, Chong"]
[Result "0-1"]
[WhiteElo "2436"]
[BlackElo "2488"]
[PlyCount "98"]
[EventDate "2008.03.03"]
[EventType "swiss"]
[EventRounds "9"]
[EventCountry "RUS"]
[Source "lmi"]
[SourceDate "2008.03.03"]

1. d4 c6 2. c4 d5 3. Nf3 e6 4. Qc2 Nf6 5. g3 Nbd7 6. Bg2 Bd6 7. O-O O-O 8. Rd1
Qe7 9. b3 e5 10. dxe5 Nxe5 11. Nxe5 Bxe5 12. Ba3 c5 13. Nc3 d4 14. Nd5 Nxd5 15.
cxd5 Bd6 16. b4 cxb4 17. Bb2 Bg4 18. Qd2 Bxe2 19. Qxd4 Qg5 20. Re1 Rfe8 21. h4
Qg6 22. Rac1 h5 23. Kh2 Qg4 24. f4 Qg6 25. Qd2 Qd3 26. Qxd3 Bxd3 27. Be5 Rad8
28. Bf3 Bg6 29. Kg2 f6 30. Bd4 Rxe1 31. Rxe1 Rc8 32. Re6 Bf8 33. d6 Bf7 34. Bd5
b6 35. Bb3 Rd8 36. Bf2 Rxd6 37. Re8 Rd3 38. Ra8 Rxb3 39. Rxf8+ Kxf8 40. axb3
Bxb3 41. Be1 Bd5+ 42. Kf2 b3 43. Bc3 Ke7 44. Ke3 Kd6 45. Kd4 a5 46. Kd3 Kc5 47.
Bd4+ Kb4 48. Kd2 a4 49. Bc3+ Kc4 0-1

[Event "10. University wch masculino"]
[Site "Novokuznetsk RUS"]
[Date "2008.03.11"]
[Round "9.6"]
[White "Pokazanjev, Nikolai"]
[Black "Alavi, Sayed Javad"]
[Result "0-1"]
[WhiteElo "2405"]
[BlackElo "2461"]
[PlyCount "50"]
[EventDate "2008.03.03"]
[EventType "swiss"]
[EventRounds "9"]
[EventCountry "RUS"]
[Source "lmi"]
[SourceDate "2008.03.03"]

1. e4 c6 2. d4 d5 3. e5 Bf5 4. Nf3 e6 5. Be2 Nd7 6. O-O Bg6 7. Nbd2 Nh6 8. Nb3
Nf5 9. Bf4 Be7 10. Qd2 O-O 11. Rac1 Bh5 12. h3 Nh4 13. g4 Nxf3+ 14. Bxf3 Bg6
15. Bg2 a5 16. Qe3 a4 17. Nd2 Qb6 18. Bg3 Qxb2 19. f4 Bxc2 20. f5 Bb4 21. Nf3
Be4 22. f6 Bxf3 23. Rf2 Bd2 24. Qxf3 Qxc1+ 25. Rf1 Qc3 0-1

[Event "10. University wch masculino"]
[Site "Novokuznetsk RUS"]
[Date "2008.03.11"]
[Round "9.8"]
[White "Filippov, Anton"]
[Black "Kuderinov, Kirill"]
[Result "0-1"]
[WhiteElo "2502"]
[BlackElo "2416"]
[PlyCount "112"]
[EventDate "2008.03.03"]
[EventType "swiss"]
[EventRounds "9"]
[EventCountry "RUS"]
[Source "lmi"]
[SourceDate "2008.03.03"]

1. e4 c5 2. Nf3 Nc6 3. Bb5 g6 4. O-O Bg7 5. Bxc6 bxc6 6. Nc3 Nh6 7. b3 O-O 8.
Bb2 e5 9. d3 d6 10. h3 f5 11. Nh2 f4 12. f3 Nf7 13. Ne2 h5 14. c3 g5 15. d4 Qe7
16. Kh1 Nh6 17. dxc5 dxc5 18. Ng1 c4 19. bxc4 Rf6 20. a4 Rg6 21. Ba3 Qf6 22.
Ra2 g4 23. fxg4 hxg4 24. hxg4 Nxg4 25. Nxg4 Bxg4 26. Nf3 Rh6+ 27. Kg1 Qg6 28.
Rd2 Bf6 29. Rd6 Qxe4 30. Re1 Qf5 31. Rxc6 e4 32. Rc5 Qe6 33. Ng5 Bxd1 34. Nxe6
Bc2 35. Bb4 f3 36. Rc1 e3 37. Rxc2 Rh1+ 38. Kxh1 e2 39. gxf3 e1=Q+ 40. Kh2 Qh4+
41. Kg2 Kf7 42. Rc7+ Kxe6 43. Re2+ Kf5 44. Rc5+ Kg6 45. Re4 Qh6 46. Rg4+ Kh7
47. Rc7+ Kh8 48. Be7 Rb8 49. Bxf6+ Qxf6 50. Rc5 Rb2+ 51. Kg1 Qb6 52. Rgg5 Rb1+
53. Kh2 Qd6+ 54. Kh3 Rh1+ 55. Kg4 Rg1+ 56. Kh5 Qh2+ 0-1

[Event "10. University wch masculino"]
[Site "Novokuznetsk RUS"]
[Date "2008.03.11"]
[Round "9.10"]
[White "Noroozi, Omid"]
[Black "Vuilleumier, Alexandre"]
[Result "1-0"]
[WhiteElo "2222"]
[BlackElo "2285"]
[PlyCount "137"]
[EventDate "2008.03.03"]
[EventType "swiss"]
[EventRounds "9"]
[EventCountry "RUS"]
[Source "lmi"]
[SourceDate "2008.03.03"]

1. c4 g6 2. d4 Bg7 3. Nc3 Nf6 4. e4 d6 5. Be2 O-O 6. Bg5 c5 7. d5 e6 8. Nf3
exd5 9. exd5 Bg4 10. O-O Nbd7 11. h3 Bxf3 12. Bxf3 a6 13. a4 Qb6 14. Qc2 Rae8
15. Be2 Nh5 16. Bxh5 gxh5 17. Rae1 Rxe1 18. Rxe1 Qb4 19. Bd2 Ne5 20. b3 Qb6 21.
Ne4 Qd8 22. Ng3 h4 23. Nf5 Qf6 24. Qe4 Ng6 25. Nxg7 Qxg7 26. Bg5 Qb2 27. Re3
Qa1+ 28. Re1 Qb2 29. Bh6 Qxb3 30. Bxf8 Kxf8 31. Rb1 Qxa4 32. Rxb7 Qd1+ 33. Kh2
Qd4 34. Qxd4 cxd4 35. Rb1 Ne5 36. Rd1 d3 37. Kg1 Kg7 38. f4 Nxc4 39. Rxd3 Kf6
40. Kf2 Kf5 41. Kf3 a5 42. Rc3 Nb6 43. Ra3 a4 44. Ra1 h5 45. Ra2 Nxd5 46. Rxa4
Nf6 47. Ra5+ d5 48. Ke3 Ke6 49. Kd4 Kf5 50. Ke3 Ke6 51. Rb5 Kf5 52. Rb7 Ke6 53.
Kd4 Ne8 54. Kc5 Ng7 55. Rb1 Kf5 56. Kxd5 Ne6 57. Rf1 Nxf4+ 58. Kd4 Kg5 59. Ke3
Nd5+ 60. Ke4 Nf6+ 61. Ke5 Nd7+ 62. Kd6 Nf6 63. Ke7 Nd5+ 64. Kxf7 Ne3 65. Re1
Kf4 66. Rxe3 Kxe3 67. Kg6 Kf2 68. Kxh5 Kg3 69. Kg5 1-0

[Event "10. University wch masculino"]
[Site "Novokuznetsk RUS"]
[Date "2008.03.11"]
[Round "9.11"]
[White "Van Eijk, Sander"]
[Black "Bilegt, Batkhorol"]
[Result "0-1"]
[WhiteElo "2283"]
[BlackElo "2211"]
[PlyCount "94"]
[EventDate "2008.03.03"]
[EventType "swiss"]
[EventRounds "9"]
[EventCountry "RUS"]
[Source "lmi"]
[SourceDate "2008.03.03"]

1. e4 c5 2. Nf3 d6 3. d4 cxd4 4. Nxd4 Nf6 5. Nc3 a6 6. Bc4 e6 7. O-O Be7 8. Bb3
O-O 9. f4 Nc6 10. Kh1 Qc7 11. f5 Nxd4 12. Qxd4 b5 13. Bg5 Re8 14. Rad1 Rb8 15.
a3 Qc5 16. Qxc5 dxc5 17. e5 Nd5 18. Bxd5 Bxg5 19. Bc6 Rf8 20. f6 g6 21. Rf3 c4
22. Ne4 Bh6 23. Nc5 Rb6 24. Rd6 Bc1 25. Be4 Rxd6 26. exd6 Rd8 27. d7 Bxd7 28.
Rf1 Be3 29. Nxa6 Bd4 30. Rd1 Bxf6 31. Nb4 Be8 32. Rxd8 Bxd8 33. c3 Kf8 34. Kg1
Bg5 35. Na2 f5 36. Bb7 Ke7 37. a4 Kd6 38. Kf2 bxa4 39. Ba6 Kc5 40. Bc8 e5 41.
Be6 h5 42. Ke2 Bc6 43. g3 Be4 44. Nb4 Bc1 45. Na6+ Kb5 46. Nc7+ Kc6 47. Ne8
Bd3+ 0-1

[Event "10. University wch masculino"]
[Site "Novokuznetsk RUS"]
[Date "2008.03.11"]
[Round "9.12"]
[White "Otte, Marijn"]
[Black "Soozankar, A.M."]
[Result "1-0"]
[WhiteElo "2192"]
[BlackElo "2253"]
[PlyCount "57"]
[EventDate "2008.03.03"]
[EventType "swiss"]
[EventRounds "9"]
[EventCountry "RUS"]
[Source "lmi"]
[SourceDate "2008.03.03"]

1. e4 e6 2. d4 d5 3. Nd2 c5 4. exd5 Qxd5 5. Ngf3 cxd4 6. Bc4 Qd6 7. Qe2 Nf6 8.
Nb3 Nc6 9. Bg5 a6 10. O-O-O b5 11. Bd3 Be7 12. Kb1 Bb7 13. Nfxd4 Nxd4 14. Nxd4
Qc5 15. Nf3 O-O 16. h4 Rfd8 17. Ne5 h6 18. Rde1 Bd5 19. Rhg1 Rac8 20. Bc1 Bc4
21. g4 Nd5 22. g5 Qb4 23. Ka1 Bxa2 24. gxh6 Qa4 25. Rxg7+ Kf8 26. Rg8+ Kxg8 27.
h7+ Kh8 28. Nxf7+ Kg7 29. Bh6+ 1-0

[Event "10. University wch masculino"]
[Site "Novokuznetsk RUS"]
[Date "2008.03.11"]
[Round "9.13"]
[White "Akhanov, Dauren"]
[Black "Viela, Marco"]
[Result "0-1"]
[WhiteElo "2135"]
[BlackElo "2161"]
[PlyCount "66"]
[EventDate "2008.03.03"]
[EventType "swiss"]
[EventRounds "9"]
[EventCountry "RUS"]
[Source "lmi"]
[SourceDate "2008.03.03"]

1. e4 e5 2. Nf3 Nc6 3. Bb5 a6 4. Ba4 Nf6 5. d3 d6 6. c3 g6 7. O-O Bg7 8. Qe2
O-O 9. Rd1 Qe7 10. Nbd2 b5 11. Bc2 Rd8 12. Nf1 d5 13. Ne3 d4 14. cxd4 exd4 15.
Nf1 Bg4 16. h3 Bxf3 17. Qxf3 Nb4 18. Bb3 c5 19. a4 Rac8 20. axb5 axb5 21. Nd2
Nd7 22. Ra7 Ra8 23. Rxa8 Rxa8 24. e5 Rf8 25. e6 fxe6 26. Qe2 Ne5 27. Ne4 Nbxd3
28. Bg5 Qf7 29. Bc2 c4 30. b3 h6 31. bxc4 bxc4 32. Nd6 Qxf2+ 33. Qxf2 Nxf2 0-1

[Event "10. University wch masculino"]
[Site "Novokuznetsk RUS"]
[Date "2008.03.11"]
[Round "9.14"]
[White "Van Assendelft, Floris"]
[Black "Widmer, Simon"]
[Result "1/2-1/2"]
[WhiteElo "2282"]
[BlackElo "2176"]
[PlyCount "90"]
[EventDate "2008.03.03"]
[EventType "swiss"]
[EventRounds "9"]
[EventCountry "RUS"]
[Source "lmi"]
[SourceDate "2008.03.03"]

1. Nc3 c5 2. Nf3 Nc6 3. d4 cxd4 4. Nxd4 Nf6 5. Bg5 e6 6. e4 Bb4 7. Ndb5 h6 8.
Bxf6 Qxf6 9. a3 Bc5 10. Nd6+ Ke7 11. Nxc8+ Raxc8 12. Qd2 a6 13. Bd3 Ne5 14. O-O
b5 15. Kh1 Ng4 16. Nd1 g5 17. f3 Ne5 18. a4 Ra8 19. axb5 axb5 20. Rxa8 Rxa8 21.
Bxb5 h5 22. Nc3 Rb8 23. Rd1 h4 24. h3 Rb6 25. Be2 Rd6 26. Qe1 Nc6 27. Bd3 Bb4
28. Qe3 Bxc3 29. bxc3 Qe5 30. Rf1 Qf4 31. Qc5 Qe5 32. Qa3 Qf4 33. Rd1 Qe5 34.
Bb5 Nd8 35. Ba6 f6 36. c4 Nf7 37. Bb5 Qf4 38. Rd3 Qg3 39. Qb4 Qf4 40. Rxd6 Nxd6
41. c3 Qd2 42. Ba4 Qe1+ 43. Kh2 Qg3+ 44. Kh1 Qe1+ 45. Kh2 Qg3+ 1/2-1/2

[Event "10. University wch masculino"]
[Site "Novokuznetsk RUS"]
[Date "2008.03.11"]
[Round "9.15"]
[White "Wyss, Jonas"]
[Black "Kojima, Shinya"]
[Result "0-1"]
[WhiteElo "2181"]
[BlackElo "2205"]
[PlyCount "106"]
[EventDate "2008.03.03"]
[EventType "swiss"]
[EventRounds "9"]
[EventCountry "RUS"]
[Source "lmi"]
[SourceDate "2008.03.03"]

1. e4 c5 2. Nf3 Nc6 3. d4 cxd4 4. Nxd4 Nf6 5. Nc3 e5 6. Ndb5 d6 7. Bg5 a6 8.
Na3 b5 9. Nd5 Be7 10. Bxf6 Bxf6 11. c3 Bg5 12. Nc2 Ne7 13. h4 Bh6 14. a4 bxa4
15. Ncb4 O-O 16. Qxa4 a5 17. Nxe7+ Qxe7 18. Nd5 Qb7 19. Bb5 Rb8 20. c4 Be6 21.
Qa3 Rfd8 22. Rd1 f5 23. Qxa5 fxe4 24. Qc3 Qf7 25. Ba4 Rdc8 26. O-O Bg4 27. Rde1
Be6 28. Rd1 Bxd5 29. Rxd5 Qxd5 30. cxd5 Rxc3 31. bxc3 e3 32. fxe3 Bxe3+ 33. Kh2
Bd2 34. c4 e4 35. Bd7 g6 36. Be6+ Kh8 37. Rf7 h5 38. Kg3 Rb3+ 39. Kf2 Be3+ 40.
Ke2 Bc5 41. g4 Rb2+ 42. Kf1 hxg4 43. Bxg4 Rb1+ 44. Ke2 Rh1 45. Rf4 e3 46. Bf3
Rh2+ 47. Kd3 Rd2+ 48. Ke4 e2 49. Bxe2 Rxe2+ 50. Kf3 Rf2+ 51. Kg4 Rxf4+ 52. Kxf4
Kg7 53. h5 gxh5 0-1